[Event "CZE-chT2A 1213"]
[Site "Czech Republic"]
[Date "2012.11.18"]
[Round "3.1"]
[White "Sisak, Richard"]
[Black "Wasserbauer, Radek"]
[Result "1/2-1/2"]
[WhiteElo "2084"]
[BlackElo "2190"]
[PlyCount "79"]
[EventDate "2012.10.14"]
[EventType "team-tourn"]
[EventRounds "11"]
[EventCountry "CZE"]
[SourceTitle "EXT 2015"]
[Source "ChessBase"]
[SourceDate "2014.11.20"]
[SourceVersion "1"]
[SourceVersionDate "2014.11.20"]
[SourceQuality "1"]
[WhiteTeam "Most Chess II"]
[BlackTeam "Kladno"]
[WhiteTeamCountry "CZE"]
[BlackTeamCountry "CZE"]

1. d4 Nf6 2. c4 e5 3. dxe5 Ng4 4. Bf4 Nc6 5. Nf3 Bb4+ 6. Nbd2 Qe7 7. e3 Ngxe5 8. Nxe5 Nxe5 9. Be2 0-0 10. 0-0 Bxd2 11. Qxd2 d6 12. Rac1 Ng6 13. Bg3 Bd7 14. Bf3 Bc6 15. Bxc6 bxc6 16. Rfd1 Rfe8 17. Qa5 c5 18. a3 Nf8 19. Rd3 Reb8 20. b4 Ne6 21. f3 Rb7 22. Be1 Rab8 23. b5 h6 24. Qd2 a6 25. bxa6 Ra7 26. a4 Rxa6 27. a5 Nd8 28. e4 Nc6 29. Ra3 Qe5 30. Qc3 Nd4 31. Kh1 Qe8 32. Qd3 Rb7 33. Bc3 Nc6 34. Rb1 Qb8 35. Rxb7 Qxb7 36. h3 Qa8 37. Qb1 f6 38. Rb3 Ra7 39. Kh2 Kf7 40. Ra3 1/2-1/2

[Event "Jirasek Memorial op 24th"]
[Site "Rakovnik"]
[Date "2012.08.07"]
[Round "5"]
[White "Wasserbauer, Radek"]
[Black "Novak, Jindrich"]
[Result "1-0"]
[WhiteElo "2199"]
[BlackElo "2041"]
[PlyCount "119"]
[EventDate "2012.08.04"]
[EventType "swiss"]
[EventRounds "9"]
[EventCountry "CZE"]
[SourceTitle "CBM 149 Extra"]
[Source "ChessBase"]
[SourceDate "2012.08.24"]
[SourceVersion "1"]
[SourceVersionDate "2012.08.24"]
[SourceQuality "1"]

1. e4 e5 2. Nf3 Nc6 3. Bc4 Be7 4. d4 d6 5. dxe5 Nxe5 6. Nxe5 dxe5 7. Qe2 Nf6 8. 0-0 Qd4 9. Be3 Qxe4 10. Nc3 Qg6 11. Nb5 0-0 12. Nxc7 Bh3 13. Qf3 Bg4 14. Qg3 Rac8 15. Qxe5 Bh3 16. g3 Bxf1 17. Bxf1 Bd8 18. Nd5 Re8 19. Qd4 Nxd5 20. Qxd5 Bb6 21. Bd3 Qe6 22. Qxe6 Rxe6 23. Bf5 Bxe3 24. fxe3 Kf8 25. Bxe6 fxe6 26. Rf1+ Ke7 27. Rf2 Rd8 28. a4 Rd1+ 29. Kg2 Re1 30. Kf3 Ra1 31. b3 Rd1 32. Ke2 Rd8 33. Rf4 Rd5 34. Rc4 Rd7 35. Rd4 Rc7 36. Kd3 Kf6 37. c4 Ke5 38. a5 Rf7 39. Rf4 Rd7+ 40. Rd4 Rc7 41. b4 a6 42. c5 g5 43. Rd6 h5 44. Kc4 Re7 45. b5 axb5+ 46. Kxb5 Ke4 47. a6 bxa6+ 48. Kxa6 e5 49. c6 Kxe3 50. Rd7 Re6 51. Kb5 Re8 52. c7 Rc8 53. Kc6 Kf3 54. Rd8 Rxc7+ 55. Kxc7 e4 56. Rg8 g4 57. Rg5 e3 58. Rxh5 e2 59. Re5 Kf2 60. Kd6 1-0

[Event "Jirasek Memorial op 24th"]
[Site "Rakovnik"]
[Date "2012.08.05"]
[Round "3"]
[White "Wasserbauer, Radek"]
[Black "Rous, Daniel"]
[Result "1/2-1/2"]
[WhiteElo "2199"]
[BlackElo "1981"]
[PlyCount "63"]
[EventDate "2012.08.04"]
[EventType "swiss"]
[EventRounds "9"]
[EventCountry "CZE"]
[SourceTitle "CBM 149 Extra"]
[Source "ChessBase"]
[SourceDate "2012.08.24"]
[SourceVersion "1"]
[SourceVersionDate "2012.08.24"]
[SourceQuality "1"]

1. e4 c5 2. c3 Nf6 3. e5 Nd5 4. Nf3 e6 5. d4 cxd4 6. cxd4 Nc6 7. Nc3 d6 8. exd6 Bxd6 9. Bc4 0-0 10. 0-0 b6 11. Bg5 Be7 12. Bxd5 exd5 13. Bxe7 Nxe7 14. Re1 Bg4 15. h3 Bxf3 16. Qxf3 Qd7 17. Rad1 Rad8 18. Rd3 Nc6 19. a3 f6 20. b4 Rf7 21. Rc1 Ne7 22. Ne2 Rc8 23. Rdc3 Rff8 24. Nf4 Rxc3 25. Rxc3 Rd8 26. Qg4 Qxg4 27. hxg4 Rd7 28. Kf1 Kf7 29. Ke2 Ng6 30. g3 Nxf4+ 31. gxf4 Ke7 32. Kf3 1/2-1/2

[Event "CZE-chT2B 1112"]
[Site "Czech Republic"]
[Date "2012.01.22"]
[Round "6.3"]
[White "Matras, Ondrej"]
[Black "Wasserbauer, Radek"]
[Result "0-1"]
[WhiteElo "2295"]
[BlackElo "2144"]
[PlyCount "71"]
[EventDate "2011.10.09"]
[EventType "team-tourn"]
[EventRounds "11"]
[EventCountry "CZE"]
[SourceTitle "EXT 2013"]
[Source "ChessBase"]
[SourceDate "2012.11.22"]
[SourceVersion "1"]
[SourceVersionDate "2012.11.22"]
[SourceQuality "1"]
[WhiteTeam "Vrsovice"]
[BlackTeam "Kladno"]
[WhiteTeamCountry "CZE"]
[BlackTeamCountry "CZE"]

1. d4 Nf6 2. c4 e5 3. dxe5 Ng4 4. Nf3 Bc5 5. e3 Nc6 6. Be2 Ngxe5 7. Nxe5 Nxe5 8. 0-0 0-0 9. Nd2 d6 10. Nb3 Bb6 11. Nd4 a5 12. b3 Bd7 13. Bb2 Qe7 14. Rc1 f5 15. g3 Rae8 16. Re1 Kh8 17. Bc3 Ng4 18. Bf3 c6 19. Bg2 Nf6 20. Bb2 d5 21. Qc2 f4 22. gxf4 Ne4 23. Bxe4 dxe4 24. c5 Bc7 25. Kh1 Qh4 26. Rg1 Be5 27. Rg3 Bf6 28. Rcg1 Re7 29. Qd2 Qh5 30. Qxa5 Bh4 31. Qc3 Bxg3 32. Rxg3 Rf6 33. Qe1 Rg6 34. Rxg6 Qxg6 35. Qg1 Qh5 36. Qg3 0-1

[Event "CZE-chT2B 1112"]
[Site "Czech Republic"]
[Date "2011.12.04"]
[Round "4.3"]
[White "Wasserbauer, Radek"]
[Black "Slapnicka, Karel"]
[Result "1-0"]
[WhiteElo "2144"]
[BlackElo "1994"]
[PlyCount "43"]
[EventDate "2011.10.09"]
[EventType "team-tourn"]
[EventRounds "11"]
[EventCountry "CZE"]
[SourceTitle "EXT 2013"]
[Source "ChessBase"]
[SourceDate "2012.11.22"]
[SourceVersion "1"]
[SourceVersionDate "2012.11.22"]
[SourceQuality "1"]
[WhiteTeam "Kladno"]
[BlackTeam "Kralupy nad Vltavou"]
[WhiteTeamCountry "CZE"]
[BlackTeamCountry "CZE"]

1. Nf3 Nf6 2. g3 d5 3. Bg2 Bg4 4. Ne5 h5 5. c4 c6 6. Qb3 Qc7 7. Nxg4 hxg4 8. cxd5 cxd5 9. Nc3 e6 10. d4 Nbd7 11. Bf4 Qb6 12. Nb5 Rc8 13. 0-0 a6 14. Rfc1 Nc5 15. Nd6+ Qxd6 16. Rxc5 Qd7 17. Rxc8+ Qxc8 18. Rc1 Qa8 19. Rc7 b5 20. a4 Nd7 21. axb5 Be7 22. b6 1-0

[Event "Ricany op-A"]
[Site "Ricany"]
[Date "2011.08.26"]
[Round "8"]
[White "Postupa, Martin"]
[Black "Wasserbauer, Radek"]
[Result "0-1"]
[WhiteElo "2005"]
[BlackElo "2145"]
[PlyCount "90"]
[EventDate "2011.08.20"]
[EventType "swiss"]
[EventRounds "9"]
[EventCountry "CZE"]
[SourceTitle "CBM 144 Extra"]
[Source "ChessBase"]
[SourceDate "2011.10.28"]
[SourceVersion "1"]
[SourceVersionDate "2011.10.28"]
[SourceQuality "1"]

1. e4 e6 2. d4 d5 3. e5 c5 4. c3 Nc6 5. Nf3 Qb6 6. Be2 cxd4 7. cxd4 Nge7 8. Na3 Nf5 9. Nc2 Bb4+ 10. Kf1 Be7 11. g4 Nh4 12. Nxh4 Bxh4 13. b4 Nxe5 14. a4 Ng6 15. a5 Qd8 16. Kg2 0-0 17. f4 Be7 18. Rf1 f5 19. g5 Bd6 20. Be3 Bd7 21. Qd2 Rc8 22. Ne1 Qe8 23. Nd3 Bb5 24. Rac1 Qe7 25. Rb1 b6 26. axb6 axb6 27. Rb2 Ra8 28. Ne5 Bxe2 29. Qxe2 Nxe5 30. dxe5 Bxb4 31. Rfb1 Bc5 32. Bxc5 bxc5 33. Rb7 Qe8 34. Qf2 Qa4 35. R1b6 Qe4+ 36. Kg3 Ra3+ 37. Rb3 Rxb3+ 38. Rxb3 d4 39. Rb6 Ra8 40. Qf3 d3 41. Rxe6 Qxf3+ 42. Kxf3 Rd8 43. Rd6 Rxd6 44. exd6 Kf7 45. Ke3 c4 0-1

[Event "Ricany op-A"]
[Site "Ricany"]
[Date "2011.08.24"]
[Round "6"]
[White "Grecny, Karol"]
[Black "Wasserbauer, Radek"]
[Result "1/2-1/2"]
[WhiteElo "1975"]
[BlackElo "2145"]
[PlyCount "45"]
[EventDate "2011.08.20"]
[EventType "swiss"]
[EventRounds "9"]
[EventCountry "CZE"]
[SourceTitle "CBM 144 Extra"]
[Source "ChessBase"]
[SourceDate "2011.10.28"]
[SourceVersion "1"]
[SourceVersionDate "2011.10.28"]
[SourceQuality "1"]

1. e4 e5 2. Nf3 d6 3. d4 Nf6 4. dxe5 Nxe4 5. Bd3 Nc5 6. 0-0 Be7 7. Nc3 0-0 8. Nd5 Nc6 9. Nxe7+ Qxe7 10. Bg5 Qe6 11. exd6 Qxd6 12. Bb5 f6 13. Be3 Bg4 14. Qxd6 cxd6 15. Nd4 Nxd4 16. Bxd4 Be6 17. Rfe1 Kf7 18. b4 Nd7 19. Rad1 Ne5 20. a3 a6 21. Be2 Rac8 22. c3 Nc4 23. Bxc4 1/2-1/2

[Event "Jirasek Memorial 23rd"]
[Site "Rakovnik"]
[Date "2011.08.13"]
[Round "9"]
[White "Wasserbauer, Radek"]
[Black "Pacher, Milan"]
[Result "1-0"]
[WhiteElo "2145"]
[BlackElo "2408"]
[PlyCount "113"]
[EventDate "2011.08.06"]
[EventType "tourn"]
[EventRounds "9"]
[EventCountry "CZE"]
[EventCategory "6"]
[SourceTitle "CBM 143 Extra"]
[Source "ChessBase"]
[SourceDate "2011.08.29"]
[SourceVersion "1"]
[SourceVersionDate "2011.08.29"]
[SourceQuality "1"]

1. e4 c6 2. d4 d5 3. exd5 cxd5 4. Bd3 Nc6 5. c3 Nf6 6. Bf4 Bg4 7. Nf3 e6 8. Nbd2 Bd6 9. Bg5 Qc7 10. h3 Bh5 11. 0-0 Bh2+ 12. Kh1 Bf4 13. Bxf4 Qxf4 14. Qb3 Rb8 15. Rae1 Bg6 16. Bxg6 hxg6 17. Kg1 g5 18. Ne5 Nxe5 19. dxe5 Nd7 20. Re3 Nxe5 21. Rfe1 Nc6 22. Qxd5 Rd8 23. Rxe6+ fxe6 24. Qxe6+ Kf8 25. Ne4 Re8 26. Nxg5 Ne7 27. Re3 Rh6 28. Qxh6 Qxf2+ 29. Kxf2 gxh6 30. Ne6+ Kf7 31. Nd4 Rd8 32. g4 Nd5 33. Rf3+ Kg6 34. Ne6 Rd6 35. Rd3 Rxe6 36. Rxd5 Ra6 37. Rb5 Rf6+ 38. Rf5 Ra6 39. a3 Rb6 40. b4 Rd6 41. Ke2 Re6+ 42. Kd3 Re1 43. a4 Rh1 44. Rh5 Rd1+ 45. Kc4 Rd8 46. b5 b6 47. Rd5 Rc8+ 48. Kb4 Rc7 49. c4 Re7 50. a5 bxa5+ 51. Kxa5 Re3 52. Ka6 Rxh3 53. Kxa7 Rc3 54. c5 Kf7 55. c6 Ke6 56. Rd1 Rc5 57. Kb6 1-0

[Event "Jirasek Memorial 23rd"]
[Site "Rakovnik"]
[Date "2011.08.07"]
[Round "2"]
[White "Wasserbauer, Radek"]
[Black "Vojta, Tomas"]
[Result "0-1"]
[WhiteElo "2145"]
[BlackElo "2368"]
[PlyCount "132"]
[EventDate "2011.08.06"]
[EventType "tourn"]
[EventRounds "9"]
[EventCountry "CZE"]
[EventCategory "6"]
[SourceTitle "CBM 143 Extra"]
[Source "ChessBase"]
[SourceDate "2011.08.29"]
[SourceVersion "1"]
[SourceVersionDate "2011.08.29"]
[SourceQuality "1"]

1. e4 c5 2. c3 d6 3. d4 Qc7 4. Nf3 a6 5. Bf4 Nd7 6. Nbd2 b6 7. Bd3 Bb7 8. 0-0 e6 9. Bg3 Ne7 10. e5 d5 11. Ng5 h6 12. Qh5 g6 13. Qh4 Rg8 14. Nh7 Nf5 15. Bxf5 gxf5 16. Nxf8 Nxf8 17. Qxh6 Ng6 18. Qe3 0-0-0 19. f4 Kb8 20. Nf3 Rd7 21. Bh4 Nxh4 22. Nxh4 a5 23. Nf3 Rc8 24. Rfc1 Ba6 25. b4 Bc4 26. bxc5 bxc5 27. Nd2 cxd4 28. cxd4 Qa7 29. Rab1+ Rb7 30. Rxb7+ Kxb7 31. Nxc4 Rxc4 32. Rxc4 dxc4 33. Qf3+ Kc7 34. Qc3 Qa6 35. Kf2 Qb5 36. Qa3 Kd7 37. h4 Ke8 38. h5 Qb4 39. Qf3 Qd2+ 40. Kg3 c3 41. h6 Qe1+ 42. Qf2 Qxf2+ 43. Kxf2 c2 44. h7 c1Q 45. h8Q+ Kd7 46. Qf8 Qxf4+ 47. Ke1 Qe3+ 48. Kf1 Qc1+ 49. Ke2 Qc2+ 50. Ke1 Qb1+ 51. Kd2 Qxa2+ 52. Kc3 Qa1+ 53. Kc4 Qa4+ 54. Kc3 Qc6+ 55. Kd3 Qe4+ 56. Kc3 Qc6+ 57. Kd3 Qa6+ 58. Kc3 Kc6 59. Qc5+ Kd7 60. Qf8 Kc6 61. Qc5+ Kb7 62. Qe7+ Kb8 63. Qxf7 Qc6+ 64. Kb3 Qb7+ 65. Qxb7+ Kxb7 66. Ka4 Kc6 0-1

[Event "CZE-chT2B 1011"]
[Site "Czech Republic"]
[Date "2011.03.27"]
[Round "10.5"]
[White "Rubes, Jan"]
[Black "Wasserbauer, Radek"]
[Result "0-1"]
[WhiteElo "2043"]
[BlackElo "2060"]
[PlyCount "94"]
[EventDate "2010.10.17"]
[EventType "team-tourn"]
[EventRounds "11"]
[EventCountry "CZE"]
[SourceTitle "EXT 2012"]
[Source "ChessBase"]
[SourceDate "2011.11.24"]
[SourceVersion "1"]
[SourceVersionDate "2011.11.24"]
[SourceQuality "1"]
[WhiteTeam "Teplice"]
[BlackTeam "Kladno"]
[WhiteTeamCountry "CZE"]
[BlackTeamCountry "CZE"]

1. e4 e6 2. d3 d5 3. Nd2 c5 4. g3 Bd6 5. Bg2 Ne7 6. Ngf3 Nbc6 7. 0-0 0-0 8. Re1 f6 9. c3 b6 10. Nf1 Bb7 11. Bh3 Bc8 12. Ne3 Kh8 13. Qb3 Na5 14. Qc2 d4 15. cxd4 cxd4 16. Ng2 e5 17. Bxc8 Qxc8 18. Qe2 Qa6 19. Nfh4 Nb3 20. axb3 Qxa1 21. f4 Rac8 22. Be3 Qa2 23. Bf2 Qxb3 24. f5 Rc2 25. Qf3 Qxb2 26. g4 Rxf2 27. Qxf2 Qxf2+ 28. Kxf2 Rc8 29. Nf3 Bb4 30. Re2 a5 31. g5 a4 32. h4 a3 33. Nh2 Rc1 34. Ng4 Ng8 35. h5 Bd6 36. Nh4 Rb1 37. Kf3 Rb2 38. Re1 fxg5 39. f6 Nxf6 40. Nf5 Nxg4 41. Nxd6 Ne3 42. Rc1 Rc2 43. Rb1 Rg2 44. Nf7+ Kg8 45. Nxe5 g4+ 46. Kf4 a2 47. Ra1 Rb2 0-1